| 000 | 03020cam a22006614i 4500 | ||
|---|---|---|---|
| 003 | PE-LiUPU | ||
| 005 | 20250731170456.0 | ||
| 008 | 150706s2012 mx a r 000 0 spa d | ||
| 020 | _a9786074482256 | ||
| 035 | _a(Sirsi) i9786074482256 | ||
| 040 |
_aPE-LiUPU _bspa _cPE-LiUPU _erda |
||
| 049 | _aPRUA | ||
| 082 | 0 | 4 |
_a155.9042 _bG18 _221 |
| 100 | 1 |
_aGalán Cuevas, Sergio, _eautor. |
|
| 245 | 1 | 0 |
_aEstrés y salud : _binvestigación básica y aplicada / _cSergio Galán Cuevas y Everardo José Camacho Gutiérez . |
| 264 | 1 |
_aMéxico : _bManual Moderno, _c2012. |
|
| 300 |
_a248 páginas : _bilustraciones ; _c23 centímetros |
||
| 336 |
_atext _2rdacontent |
||
| 337 |
_aunmediated _2rdamedia |
||
| 338 |
_avolume _2rdacarrier |
||
| 505 | 0 | _aInvestigación básica y conceptual -- La conceptualización del fenómeno estrés en psicología y salud: su abordaje a la luz de un modelo de adhesión -- Investigación básica sobre estrés y sistema inmunitario -- Aplicaciones diagnósticas -- Técnicas psicofisiológicas para evaluar el estrés en escenarios clínicos -- Neurobiología del suicidio: estrés y conductas suicidas -- Intervención en problemas de estrés y salud -- Estrés y salud en la infancia: de las enfermedades crónicas al bienestar integral -- Relación entre estrés crónico, obesidad y trastorno de ingestión compulsiva. | |
| 526 | _aSEG68 | ||
| 526 | _aSEG70 | ||
| 526 | _aSEG69 | ||
| 526 | _aSEG67 | ||
| 526 | _aSEG43 | ||
| 526 | _aP144 | ||
| 526 | _aP143 | ||
| 526 | _aP131 | ||
| 526 | _aP122 | ||
| 526 | _aP120 | ||
| 526 | _aP117 | ||
| 526 | _aP112 | ||
| 526 | _aP110 | ||
| 526 | _aP106 | ||
| 526 | _aP101 | ||
| 526 | _aP80 | ||
| 526 | _aP59 | ||
| 526 | _aP54 | ||
| 526 | _aP35 | ||
| 526 | _aP33 | ||
| 526 | _aP30 | ||
| 541 | _g001-0037437; | ||
| 541 | _g001-0037437; | ||
| 650 | 0 | 4 | _aEstrés (Psicología). |
| 650 | 0 | 4 |
_aEstrés (Psicología) _xInvestigaciones. |
| 650 | 0 | 4 |
_aEstrés (Psicología) _xTratamiento. |
| 700 | 1 |
_aCamacho Gutiérrez, Everardo José, _eautor. |
|
| 700 | 1 |
_aViveros Fuentes, Santiago, _eed. |
|
| 910 |
_agl _clch _d20130711 |
||
| 942 |
_2ddc _cBOOK |
||
| 949 |
_a155.9042 G18 _wDEWEY _c1 _i67767 _lCCODEBUL1 _mBUL _p20.00 _r0 _sY _tBOOK _u2015-7-6 _xSALUD _PP33 _o.STAFF. Colección General |
||
| 949 |
_a155.9042 G18 _wDEWEY _c2 _i67768 _lCCODEBUL1 _mBUL _p20.00 _r0 _sY _tBOOK _u2015-7-6 _xSALUD _PP33 _o.STAFF. Colección General |
||
| 994 |
_aC0 _bPEPRU |
||
| 596 | _a1 | ||
| 999 |
_a155.9042 G18 _wDEWEY _c55310 _i67767 _d55310 _e2018-5-15 _f2021-11-3 _g5 _lCCODEBUL1 _mBUL _n4 _p20.00 _q9 _r0 _sY _tBOOK _u2015-7-6 _xSALUD _PP33 _0COMPRA _o.STAFF. Colección Ciencias de la Salud |
||
| 999 |
_a155.9042 G18 _wDEWEY _c2 _i67768 _d2018-10-25 _e2018-9-11 _f2021-11-3 _g5 _lCCODEBUL1 _mBUL _n9 _p20.00 _q1 _r0 _sY _tBOOK _u2015-7-6 _xSALUD _PP33 _0COMPRA _o.STAFF. Colección Ciencias de la Salud |
||
| 980 |
_81 _gALBERTO SANCHEZ Responsable de Automatización |
||